00741nam a2200217Ia 4500003000900000008004100009040001600050080001600066100002600082245004500108260004400153300001400197490009400211650002900305650001900334650001100353650002000364942000700384999001500391952011700406IN-BaIIA211028s9999 xx 000 0 eng d cIIA Library a535.31bHER aHerzberger, Max94512 0aModern geometrical opticscM. Herzberger aNew YorkbInterscience Publishersc1958 axii,504p. aPure & Applied Mathematics : a Wiley-interscience series of texts, monographs & tracts, 8 aGeometrical Optics92023 aNASA Thesaurus aOptics aPhysical Optics cBK c2529d2529 00104070aBANbBANcGENd1966-03-28g72.00l0o535.31/ HERp2828r2021-11-05v72.00w1966-03-28yBKGRs. 72.00